99 Birds - Statistics

General Stats
  • This quiz has been taken 2,465 times
    2,361 since last reset
  • The average score is 47 of 99
Answer Stats
Answer % Correct
Eagle
94%
Duck
89%
Hawk
86%
Crow
85%
Ostrich
85%
Goose
84%
Owl
82%
Emu
81%
Falcon
81%
Gull
81%
Parrot
81%
Chicken
80%
Raven
80%
Sparrow
80%
Vulture
78%
Penguin
77%
Robin
76%
Swan
76%
Pigeon
74%
Finch
73%
Dove
69%
Flamingo
69%
Albatross
68%
Hummingbird
68%
Heron
67%
Woodpecker
67%
Jay
66%
Turkey
65%
Pelican
64%
Kiwi
62%
Cardinal
61%
Blackbird
59%
Crane
59%
Stork
59%
Puffin
58%
Swallow
58%
Quail
57%
Peacock
56%
Pheasant
54%
Magpie
53%
Wren
51%
Kingfisher
50%
Macaw
49%
Osprey
49%
Phoenix
49%
Cassowary
48%
Egret
48%
Ibis
48%
Toucan
48%
Parakeet
45%
Tern
45%
Bluebird
44%
Kite
44%
Rhea
44%
Auk
42%
Buzzard
42%
Cockatoo
41%
Canary
40%
Lark
40%
Loon
40%
Oriole
39%
Thrush
38%
Warbler
38%
Cuckoo
37%
Kestrel
37%
Mockingbird
37%
Swift
37%
Roadrunner
34%
Booby
33%
Cormorant
32%
Nightingale
32%
Sandpiper
32%
Spoonbill
32%
Rook
29%
Cockatiel
28%
Grebe
28%
Nuthatch
28%
Plover
27%
Chickadee
26%
Hornbill
25%
Secretarybird
25%
Bunting
24%
Nightjar
21%
Shoebill
20%
Shrike
20%
Guineafowl
19%
Martin
19%
Petrel
19%
Roc
19%
Frigatebird
17%
Gannet
17%
Kakapo
16%
Lapwing
15%
Oystercatcher
15%
Frogmouth
8%
Darter
6%
Jacana
6%
Oilbird
6%
Screamer
6%
No matching quizzes found
Score Distribution
Percent of People with Each Score
Percentile by Number Answered
Your Score History
You have not taken this quiz since the last reset